Sports Quiz

Random Sports or Football Quiz

Current Russian Football Kits Quiz Stats

 Plays Quiz not verified by Sporcle

Challenge
Share
Tweet
Score 0/16 Timer 10:00
0 Plays Today
% Correct
Zenit St. Petersburg
100%
Lokomotiv Moscow
98.1%
CSKA Moscow
96.2%
Dynamo Moscow
96.2%
Spartak Moscow
94.3%
Rubin Kazan
92.5%
FC Krasnodar
84.9%
Anzhi Makhachkala
84.9%
% Correct
Kuban Krasnodar
83%
FC Rostov
73.6%
Terek Grozny
71.7%
Ural Yekaterinburg
66%
Krylia Sovetov Samara
64.2%
FC Ufa
64.2%
Amkar Perm
62.3%
Mordovia Saransk
56.6%

You're not logged in!

Compare scores with friends on all Sporcle quizzes.
Join for Free
OR
Log In

You Might Also Like...

Show Comments

Extras

Created Mar 24, 2016ReportNominate
Tags:Football Quiz, kit, russian

Top Quizzes Today


Score Distribution

Your Account Isn't Verified!

In order to create a playlist on Sporcle, you need to verify the email address you used during registration. Go to your Sporcle Settings to finish the process.

Report this User

Report this user for behavior that violates our Community Guidelines.

Details: